000 00553nam a2200181Ia 4500
008 100920s9999 xx 000 0 und d
082 _b51204
_a--- थ 86
100 _aअुजळंबकर कृष्ण मुकुंद.
245 _aहेलेन.
260 _bकालिंदी प्रकाशन, पुणे.
_c1986
300 _a132
_bसाधी
365 _b20
520 _aकादंबरी.
630 _aहेलेन.
650 _aकादंबरी.
730 _aहेलेन.
942 _cBOOK
999 _c697119
_d697116